000 00293nam a22001337a 4500
008 171201b xxu||||| |||| 00| 0 eng d
020 _a0812370740
041 _aeng
080 _a82
100 _a22
101 _aGJL
245 _aRESPONDING TO LITERATURE
_cAPPLEBEE,A.N
942 _2udc
_cBK
999 _c38664
_d38664